02710nam a2200385 a 4500001001200000003000800012006001900020007001500039008004100054010001700095020003100112020001800143020002700161040002100188035002100209043001200230050002400242082001700266245012600283260004300409300002400452490003700476504004100513505115400554533015201708650004801860650006601908650007401974655002902048700002902077710001702106830005802123856012602181999001702307ebr10576334CaPaEBRm u cr cn|||||||||120405s2012 dcuad sb 000 0 eng d z 2012014393 z9780821395448 (electronic) z9780821395431 z9780821395448 (e-book) aCaPaEBRcCaPaEBR a(OCoLC)802054254 afb-----14aHD2118b.A29 2012eb04a338.186722300aAfrican agricultural reformsh[electronic resource] :bthe role of consensus and institutions /cM. Ataman Aksoy, editor. aWashington, D.C. :bWorld Bank,c2012. axix, 313 p. :bill.1 aDirections in development. Trade aIncludes bibliographical references.00gOverview / M. Ataman Aksoy, John Baffes, Donald Mitchell, Anil Onal, and Fahrettin Yagci --gCross-cutting analysis --tConsensus, institutions, and supply response: the political economy of agricultural reforms in SSA / M. Ataman Aksoy and Anil Onal --tInternational commodity prices, exchange rates and producer prices / Anil Onal and M. Ataman Aksoy --tAn empirical analysis of supply response for selected export crops in Sub-Saharan Africa / Anil Onal --tHow Africa missed the cotton revolution / John Baffes --tCoffee in Uganda and Vietnam: why they performed so differently / John Baffes and Anil Onal --gCase studies: what went wrong, right, and why --tMozambique cashew reforms revisited / M. Ataman Aksoy and Fahrettin Yagci --tThe Tanzania cashew sector: why market reforms were not sustained / Donald Mitchell and Mwombeki Baregu --tKenya smallholder coffee and tea: divergent trends following liberalization / Donald Mitchell --tThe Tanzania tobacco sector: how market reforms succeeded / Donald Mitchell and Mwombeki Baregu --tPerformance of Zambia's cotton sector under partial reforms / Fahrettin Yagci and M. Ataman Aksoy. aElectronic reproduction.bPalo Alto, Calif. :cebrary,d2011.nAvailable via World Wide Web.nAccess may be limited to ebrary affiliated libraries. 0aAgriculture and statezAfrica, Sub-Saharan. 0aAgricultural productivityzAfrica, Sub-SaharanvCase studies. 0aAgricultural development projectszAfrica, Sub-SaharanvCase studies. 7aElectronic books.2local1 aAksoy, M. Ataman,d1945-2 aebrary, Inc. 0aDirections in development (Washington, D.C.).pTrade.40uhttp://site.ebrary.com/lib/rucke/Doc?id=10576334zAn electronic book accessible through the World Wide Web; click to view c87947d87947